| 000 -CABECERA |
| Longitud fija campo de control |
00485nam a22001577a 4500 |
| 003 - IDENTIFICADOR DEL NÚMERO DE CONTROL |
| Identificador del número de control |
OSt |
| 005 - FECHA Y HORA DE LA ÚLTIMA TRANSACCIÓN |
| Fecha y hora de la última transacción |
20140402110804.0 |
| 008 - CÓDIGOS DE INFORMACIÓN DE LONGITUD FIJA |
| Códigos de información de longitud fija |
140402s2003 sp ||||| |||| 00| 0 cat d |
| 020 ## - NÚMERO INTERNACIONAL NORMALIZADO PARA LIBROS |
| Número Internacional Normalizado para Libros (ISBN) |
8497790022 |
| 040 ## - FUENTE DE LA CATALOGACIÓN |
| Lengua de catalogación |
cat |
| Centro transcriptor |
CPC Lleida |
| 110 ## - PUNTO DE ACCESO PRINCIPAL-NOMBRE DE ENTIDAD CORPORATIVA |
| 9 (RLIN) |
363 |
| Nombre de entidad corporativa o nombre de jurisdicción como elemento inicial |
Lleida |
| Unidad subordinada |
-- Ajuntament |
| 245 10 - MENCIÓN DE TÍTULO |
| Título |
Publicacions periòdiques de Lleida (1854-2001) |
| Resto del título |
: Catàleg de l'hemeroteca de l'arxiu municipal de Lleida |
| Mención de responsabilidad, etc. |
[Ajuntament Lleida] |
| 260 ## - PUBLICACIÓN, DISTRIBUCIÓN, ETC. (PIE DE IMPRENTA) |
| Lugar de publicación, distribución, etc. |
Lleida |
| Nombre del editor, distribuidor, etc. |
Pagès |
| Fecha de publicación, distribución, etc. |
2003 |
| 300 ## - DESCRIPCIÓN FÍSICA |
| Extensión |
147 p. |
| Dimensiones |
24 cm |
| 942 ## - ENTRADA DE ELEMENTOS AGREGADOS (KOHA) |
| Koha [por defecto] tipo de item |
Monografies |